[Event "XXXII Moglianoscacchi B"]
[Site "Mogliano Veneto ITA"]
[Date "2011.04.30"]
[Round "2"]
[White "Dussin, Davide"]
[Black "Casagrande, Corrado"]
[Result "1/2-1/2"]
[WhiteElo "1872"]
[BlackElo "1770"]
[PlyCount "72"]
[EventDate "2011.04.29"]

1. d4 Nf6 2. c4 e5 3. dxe5 Ng4 4. Nf3 Bc5 5. e3 Nc6 6. Be2 Ngxe5 7. Nc3 Nxf3+
8. Bxf3 Ne5 9. Be2 O-O 10. O-O Re8 11. b3 Bf8 12. Bb2 d6 13. Qc2 Bd7 14. Rad1
Qg5 15. f4 Qg6 16. Qxg6 Nxg6 17. e4 Bc6 18. Bd3 a5 19. Nd5 Bxd5 20. exd5 c6 21.
g3 c5 22. a4 Re3 23. Bc1 Ree8 24. Rfe1 Be7 25. Bb2 Bf6 26. Bxf6 gxf6 27. Kf2
Kf8 28. h4 Kg7 29. Bf5 Rad8 30. Kf3 Ne7 31. Bh3 f5 32. g4 fxg4+ 33. Bxg4 Ng6
34. h5 Ne7 35. Rg1 Kf6 36. Rge1 h6 1/2-1/2

[Event "XXXII Moglianoscacchi B"]
[Site "Mogliano Veneto ITA"]
[Date "2011.04.30"]
[Round "2"]
[White "Losso, Agostino"]
[Black "Dal Bianco, Nicola"]
[Result "1-0"]
[WhiteElo "1793"]
[BlackElo "1620"]
[PlyCount "103"]
[EventDate "2011.04.29"]

1. c4 e5 2. g3 Nf6 3. Bg2 c6 4. d4 exd4 5. Qxd4 d5 6. Bg5 Be7 7. Nc3 c5 8. Qd3
d4 9. Bxf6 Bxf6 10. Nd5 O-O 11. Nh3 Nc6 12. f4 Re8 13. a3 a5 14. Nf2 g6 15. Ne4
Be7 16. O-O-O a4 17. e3 Rb8 18. Qc2 f5 19. Nf2 Qa5 20. e4 b5 21. Rhe1 Kf8 22.
exf5 Bxf5 23. Be4 d3 24. Bxd3 Nd4 25. Qc3 Qxc3+ 26. Nxc3 Bxd3 27. Nxd3 bxc4 28.
Ne5 Rb7 29. Nxc4 Reb8 30. Nxa4 Bf6 31. Kb1 Nb3 32. Re6 Be7 33. Rb6 Rxb6 34.
Naxb6 Re8 35. Re1 Rd8 36. Kc2 Nd4+ 37. Kc3 Bf6 38. Ne5 Nf3 39. Re2 Nd4 40. Re3
Nf5 41. Re1 Rd4 42. Nbc4 Nd6 43. Nxd6 Rxd6 44. Re2 Rd4 45. Rd2 Re4 46. Kd3 Rd4+
47. Ke3 Bxe5 48. fxe5 Rxd2 49. Kxd2 Ke7 50. Kd3 Ke6 51. Ke4 g5 52. a4 1-0

[Event "XXXII Moglianoscacchi B"]
[Site "Mogliano Veneto ITA"]
[Date "2011.04.30"]
[Round "2"]
[White "Perissotto, Mario"]
[Black "Megna, Giuseppe"]
[Result "0-1"]
[WhiteElo "1667"]
[BlackElo "1890"]
[PlyCount "60"]
[EventDate "2011.04.29"]

1. e4 e6 2. d4 d5 3. exd5 exd5 4. Nf3 Bd6 5. Bd3 Ne7 6. O-O O-O 7. Re1 Nd7 8.
b3 Re8 9. c4 c6 10. Nc3 Nf8 11. Be3 Bg4 12. Bxh7+ Nxh7 13. h3 Bh5 14. g4 Bg6
15. Nh4 Qd7 16. cxd5 Bb4 17. Nxg6 Bxc3 18. Nxe7+ Rxe7 19. dxc6 bxc6 20. Qf3
Bxa1 21. Rxa1 Rae8 22. Rc1 Qd5 23. Qf4 Re6 24. Rc5 Qd6 25. Qf5 Rxe3 26. fxe3
Qg3+ 27. Kf1 Rxe3 28. Rc1 Qxh3+ 29. Kf2 Qg3+ 30. Kf1 Rf3+ 0-1

[Event "XXXII Moglianoscacchi B"]
[Site "Mogliano Veneto ITA"]
[Date "2011.04.30"]
[Round "2"]
[White "Piccolotto, Giovanni"]
[Black "Bonollo, Sergio"]
[Result "0-1"]
[WhiteElo "1727"]
[BlackElo "1864"]
[PlyCount "112"]
[EventDate "2011.04.29"]

1. d4 Nf6 2. c4 g6 3. Nc3 d5 4. cxd5 Nxd5 5. e4 Nxc3 6. bxc3 Bg7 7. Bc4 O-O 8.
Ne2 c5 9. O-O Qa5 10. Qb3 Nc6 11. Be3 cxd4 12. cxd4 Qd8 13. Qd3 Bd7 14. Rac1
Rc8 15. Rfd1 Na5 16. Bb5 a6 17. Rxc8 Bxc8 18. Ba4 Bd7 19. Bxd7 Qxd7 20. Qc3 Nc6
21. Nf4 e5 22. Nd5 Nxd4 23. Bxd4 exd4 24. Qc5 Re8 25. f3 Kh8 26. Rb1 b5 27. Rc1
h6 28. Qb6 Re6 29. Rc7 Rxb6 30. Rxd7 Rc6 31. Rc7 Rc4 32. Rxc4 bxc4 33. Kf1 d3
34. Ke1 c3 35. f4 Bd4 36. Nb4 d2+ 37. Kd1 a5 38. Nc6 Bb6 39. Kc2 Kg7 40. e5 Bg1
41. Nxa5 Bxh2 42. Nc6 Bxf4 43. Nb4 Bxe5 44. a4 Bc7 45. Nd5 Ba5 46. Ne7 Kf6 47.
Nc6 Bb6 48. a5 Bg1 49. a6 Kf5 50. a7 Bxa7 51. Nxa7 Kf4 52. Nb5 Kg3 53. Nxc3
Kxg2 54. Kxd2 h5 55. Ke3 h4 56. Ne2 g5 0-1

[Event "XXXII Moglianoscacchi B"]
[Site "Mogliano Veneto ITA"]
[Date "2011.04.30"]
[Round "2"]
[White "Pisani, Valerio"]
[Black "Marangoni, Simone"]
[Result "1-0"]
[WhiteElo "1714"]
[BlackElo "1835"]
[PlyCount "73"]
[EventDate "2011.04.29"]

1. Nc3 g6 2. e4 Bg7 3. d4 d6 4. Bc4 e6 5. Nf3 a6 6. a4 Ne7 7. Bg5 h6 8. Be3 Nd7
9. Qd2 b6 10. O-O Bb7 11. Rad1 Nf6 12. Bd3 d5 13. e5 Nd7 14. b4 Rc8 15. Rb1 Nf5
16. Bxf5 exf5 17. Rfe1 Nf8 18. h3 Ne6 19. Ne2 g5 20. Qd3 f4 21. Bd2 O-O 22. g3
f5 23. gxf4 g4 24. hxg4 fxg4 25. Nh2 Qe8 26. f5 Qh5 27. fxe6 Rxf2 28. Qg3 Rcf8
29. Nf4 Qg5 30. Kxf2 h5 31. Kg1 Qf5 32. Rbc1 c5 33. c3 Bh6 34. Rf1 Qe4 35. e7
Re8 36. Nxh5 Bxd2 37. Nf6+ 1-0

[Event "XXXII Moglianoscacchi B"]
[Site "Mogliano Veneto ITA"]
[Date "2011.04.30"]
[Round "2"]
[White "Tonolo, Maurizio"]
[Black "Stradiotto, Angelo"]
[Result "0-1"]
[WhiteElo "1788"]
[BlackElo "1506"]
[PlyCount "47"]
[EventDate "2011.04.29"]

1. d4 d5 2. Nf3 Nf6 3. e3 c5 4. c3 Bf5 5. dxc5 e6 6. b4 a6 7. Nbd2 Be7 8. Nb3
Nc6 9. Nbd4 Qc7 10. Nxf5 exf5 11. Nd4 Nxd4 12. cxd4 O-O 13. Bd2 Ne4 14. Bd3 g6
15. O-O Bh4 16. Bxe4 fxe4 17. a4 Qd7 18. Qb3 Rfb8 19. b5 a5 20. Rac1 Bd8 21.
Rc2 f5 22. c6 bxc6 23. Rxc6 Qxc6 24. Rc1 0-1

[Event "XXXII Moglianoscacchi B"]
[Site "Mogliano Veneto ITA"]
[Date "2011.04.30"]
[Round "2"]
[White "Viviani, Bruno"]
[Black "La Malfa, Stelio"]
[Result "1/2-1/2"]
[WhiteElo "1701"]
[BlackElo "1826"]
[PlyCount "116"]
[EventDate "2011.04.29"]

1. d4 d5 2. Nc3 Nf6 3. Bg5 Bf5 4. f3 e6 5. e4 dxe4 6. fxe4 Bg6 7. e5 h6 8. Bh4
Nc6 9. Nf3 Be7 10. exf6 Bxf6 11. Bxf6 Qxf6 12. Bb5 O-O 13. Bxc6 bxc6 14. O-O
Bh5 15. Ne4 Qf4 16. Ng3 Qe3+ 17. Kh1 Bg6 18. Ne5 Rad8 19. Nxg6 fxg6 20. Rxf8+
Rxf8 21. Qe2 Qxd4 22. Qxe6+ Kh7 23. c3 Qb6 24. Qe2 Rf2 25. Qe4 Qxb2 26. Rf1
Rxf1+ 27. Nxf1 Qxc3 28. h4 Qf6 29. Kg1 Kg8 30. Qc4+ Kf8 31. g3 Qd6 32. Qf4+
Qxf4 33. gxf4 Ke7 34. Kf2 Kd6 35. Ke3 Kd5 36. Kd3 a5 37. Ne3+ Kc5 38. Kc3 Kb5
39. Nc4 c5 40. Nb2 c6 41. a4+ Kb6 42. Kc4 Kc7 43. Kxc5 Kd7 44. Nc4 Ke6 45. Ne3
Kd7 46. f5 gxf5 47. Nxf5 g5 48. hxg5 hxg5 49. Nd4 g4 50. Nxc6 g3 51. Nd4 g2 52.
Ne2 Kc7 53. Kb5 Kb7 54. Kxa5 Ka7 55. Kb5 Kb7 56. a5 Ka7 57. a6 Ka8 58. Kb6 Kb8
1/2-1/2

[Event "XXXII Moglianoscacchi B"]
[Site "Mogliano Veneto ITA"]
[Date "2011.04.30"]
[Round "2"]
[White "Zamengo, Bruno"]
[Black "Penzo, Amleto"]
[Result "1/2-1/2"]
[WhiteElo "1890"]
[BlackElo "1783"]
[PlyCount "78"]
[EventDate "2011.04.29"]

1. e4 c5 2. Nf3 d6 3. d4 cxd4 4. Nxd4 Nf6 5. Nc3 a6 6. Be2 e5 7. Nb3 Be7 8. O-O
O-O 9. Be3 Be6 10. Nd5 Nxd5 11. exd5 Bf5 12. c4 Nd7 13. Rc1 b6 14. Bd3 Bxd3 15.
Qxd3 Bg5 16. Qd2 Bxe3 17. Qxe3 f5 18. Rc3 f4 19. Qe2 Qg5 20. f3 Nf6 21. Nd2 h5
22. Ne4 Nxe4 23. fxe4 Ra7 24. b4 Raf7 25. Rff3 Qh6 26. Qf2 Rb8 27. Ra3 a5 28.
bxa5 bxa5 29. Rfb3 Rfb7 30. Qc2 Qg5 31. Kf1 Qd8 32. Qc3 Rb4 33. Qd3 Qc7 34.
Rxb4 Rxb4 35. Rc3 Qc5 36. Qc2 Kh7 37. h3 Qb6 38. Rb3 Qc5 39. Rc3 Qb6 1/2-1/2

[Event "XXXII Moglianoscacchi B"]
[Site "Mogliano Veneto ITA"]
[Date "2011.04.30"]
[Round "2"]
[White "Zangrando, Gianpietro"]
[Black "Pasqualetto, Lorenzo"]
[Result "1/2-1/2"]
[WhiteElo "1827"]
[BlackElo "1675"]
[PlyCount "103"]
[EventDate "2011.04.29"]

1. c4 Nf6 2. g3 e6 3. Bg2 d5 4. Nf3 c5 5. O-O Nc6 6. d3 Be7 7. a3 O-O 8. Qc2
Qc7 9. Nc3 d4 10. Bf4 e5 11. Nd5 Nxd5 12. cxd5 exf4 13. dxc6 bxc6 14. Nd2 Be6
15. Ne4 Qb6 16. gxf4 Rab8 17. Rfb1 Bb3 18. Qd2 c4 19. dxc4 Bxc4 20. b4 a5 21.
Rc1 Qb5 22. Qxd4 Bxe2 23. Nc3 Qa6 24. Nxe2 Bf6 25. Qd1 Rbd8 26. Qc2 Bxa1 27.
Rxa1 axb4 28. Bf1 bxa3 29. Qc5 Ra8 30. Nd4 Qa4 31. Bc4 Rfd8 32. Nc2 Qa5 33.
Qxa5 Rxa5 34. Rxa3 Rxa3 35. Nxa3 Rd4 36. Kg2 Rxf4 37. Kg3 Rf5 38. Bf1 h5 39. h4
g5 40. hxg5 Rxg5+ 41. Kh4 Rf5 42. Bg2 c5 43. f3 c4 44. Kg3 c3 45. Nc2 Rd5 46.
f4 Rd2 47. Be4 Kg7 48. Kh4 Rh2+ 49. Kg3 Rd2 50. Kh4 Kh6 51. Kg3 Rd6 52. Kf3
1/2-1/2

[Event "XXXII Moglianoscacchi B"]
[Site "Mogliano Veneto ITA"]
[Date "2011.04.30"]
[Round "3"]
[White "Bonollo, Sergio"]
[Black "Anselmi, Beatrice"]
[Result "1-0"]
[WhiteElo "1864"]
[BlackElo "1749"]
[PlyCount "97"]
[EventDate "2011.04.29"]

1. e4 e5 2. Nf3 Nc6 3. Bb5 a6 4. Bxc6 dxc6 5. O-O Bd6 6. d4 Bg4 7. dxe5 Bxf3 8.
Qxf3 Bxe5 9. Nc3 Nf6 10. Bg5 h6 11. Rad1 Qe7 12. Bxf6 Bxf6 13. Rd3 O-O 14. Rfd1
Rad8 15. Rxd8 Rxd8 16. Rxd8+ Qxd8 17. Qd3 Qe7 18. Nd1 Bxb2 19. Nxb2 Qb4 20. Nd1
Qe1+ 21. Qf1 Qxe4 22. Ne3 Qa4 23. Qc4 Qa3 24. g3 c5 25. Qb3 Qxb3 26. cxb3 Kf8
27. Kf1 Ke7 28. Ke2 Ke6 29. Kd3 b5 30. f4 f5 31. Kc3 a5 32. a3 g6 33. h3 c6 34.
Kd3 Kd6 35. g4 Ke6 36. Kc3 Kf6 37. Nd1 Ke6 38. Nf2 Kd5 39. Kd3 h5 40. g5 c4+
41. bxc4+ bxc4+ 42. Ke3 Kc5 43. Nd1 Kb5 44. Nc3+ Kc5 45. h4 Kb6 46. Kd4 c5+ 47.
Kxc4 Kc6 48. Nd5 Kd6 49. a4 1-0

[Event "XXXII Moglianoscacchi B"]
[Site "Mogliano Veneto ITA"]
[Date "2011.04.30"]
[Round "3"]
[White "Bozzao, Francesco"]
[Black "Losso, Agostino"]
[Result "1-0"]
[WhiteElo "1867"]
[BlackElo "1793"]
[PlyCount "111"]
[EventDate "2011.04.29"]

1. d4 d5 2. Nf3 Nf6 3. c4 e6 4. Nc3 Be7 5. Bg5 O-O 6. e3 h6 7. Bh4 Ne4 8. Bxe7
Qxe7 9. cxd5 Nxc3 10. bxc3 exd5 11. Qb3 c6 12. Bd3 Be6 13. O-O a5 14. Rfb1 b5
15. a4 bxa4 16. Rxa4 Nd7 17. Qa2 Rfc8 18. Rxa5 Rxa5 19. Qxa5 c5 20. Qa6 Qd8 21.
Ra1 Rb8 22. h3 g6 23. Qd6 Rb6 24. Qf4 Kg7 25. e4 dxe4 26. Bxe4 f5 27. Ra8 Qf6
28. Bd3 c4 29. Bc2 Bd5 30. Ra7 Qe6 31. Qc7 Rb2 32. Qxd7+ Qxd7 33. Rxd7+ Kf6 34.
Rxd5 Rxc2 35. Rd6+ Kg7 36. Ne5 Rxc3 37. Rxg6+ Kh7 38. Kf1 Rc1+ 39. Ke2 Rc2+ 40.
Ke1 c3 41. Rc6 Rc1+ 42. Ke2 Rc2+ 43. Ke3 Rc1 44. Kd3 Rf1 45. Rxc3 Rxf2 46. Rc2
Rf1 47. d5 Re1 48. Re2 Rd1+ 49. Rd2 Re1 50. Kd4 Kg7 51. Nc6 Kf7 52. d6 Ke8 53.
Ne5 Re4+ 54. Kd5 Ra4 55. Ke6 Ra6 56. Rb2 1-0

[Event "XXXII Moglianoscacchi B"]
[Site "Mogliano Veneto ITA"]
[Date "2011.04.30"]
[Round "3"]
[White "Casagrande, Corrado"]
[Black "Banovi, Alit"]
[Result "0-1"]
[WhiteElo "1770"]
[BlackElo "1865"]
[PlyCount "76"]
[EventDate "2011.04.29"]

1. d4 e6 2. Nf3 Nf6 3. e3 b6 4. Bd3 Bb7 5. Nbd2 d5 6. c3 Bd6 7. Ne5 O-O 8. f4
g6 9. O-O Ne4 10. Qc2 f5 11. Ndf3 Be7 12. Bd2 Nd7 13. Rac1 c5 14. c4 Rc8 15.
Nxd7 Qxd7 16. Ne5 Qe8 17. Qd1 Bd6 18. Be1 Qd8 19. Qa4 Bxe5 20. fxe5 cxd4 21.
Bxe4 dxe4 22. Rd1 Bc6 23. Qb3 d3 24. Qc3 Qe7 25. Qb3 Qc5 26. Bf2 a5 27. Qc3 Bb7
28. b3 Ra8 29. Qd4 Qxd4 30. exd4 f4 31. Rfe1 g5 32. a3 Rac8 33. h3 a4 34. bxa4
Rxc4 35. d5 Bxd5 36. Bxb6 Rxa4 37. Bc5 Rc8 38. Bd4 Rxd4 0-1

[Event "XXXII Moglianoscacchi B"]
[Site "Mogliano Veneto ITA"]
[Date "2011.04.30"]
[Round "3"]
[White "Caverzan, Marco"]
[Black "Piccolotto, Giovanni"]
[Result "0-1"]
[WhiteElo "1558"]
[BlackElo "1727"]
[PlyCount "54"]
[EventDate "2011.04.29"]

1. e4 e6 2. d4 d5 3. e5 c5 4. c3 Nc6 5. Nf3 Nge7 6. Bd3 cxd4 7. cxd4 Nb4 8.
Qa4+ Nec6 9. Bb5 Qb6 10. O-O Bd7 11. a3 Na6 12. Bxa6 bxa6 13. Rd1 Na5 14. Qc2
Nb3 15. Ra2 Rc8 16. Nc3 Be7 17. Bg5 Bxg5 18. Nxg5 Nxd4 19. Qd3 Nf5 20. g4 Rc4
21. gxf5 Rg4+ 22. Kf1 Rxg5 23. fxe6 fxe6 24. Re1 O-O 25. Ke2 Rgf5 26. b4 d4 27.
Nd5 exd5 0-1

[Event "XXXII Moglianoscacchi B"]
[Site "Mogliano Veneto ITA"]
[Date "2011.04.30"]
[Round "3"]
[White "Dal Bianco, Nicola"]
[Black "Tonolo, Maurizio"]
[Result "1-0"]
[WhiteElo "1620"]
[BlackElo "1788"]
[PlyCount "81"]
[EventDate "2011.04.29"]

1. c4 c5 2. Nc3 Nc6 3. Nf3 g6 4. e3 Bg7 5. d4 cxd4 6. exd4 d6 7. Be2 Bg4 8. Be3
Nf6 9. O-O O-O 10. Qd2 Rc8 11. Rac1 a6 12. Rfd1 d5 13. c5 Ne8 14. a3 Nc7 15.
Na4 e6 16. Nb6 Rb8 17. a4 f6 18. h3 Bxf3 19. Bxf3 g5 20. g3 h6 21. Kh2 Qe7 22.
h4 Rbd8 23. hxg5 fxg5 24. Kg2 Qf7 25. Qe2 Ne7 26. Rh1 Nf5 27. Qd3 Nh4+ 28. gxh4
Qxf3+ 29. Kg1 g4 30. Rh2 e5 31. dxe5 Kh8 32. Qg6 Qf5 33. h5 d4 34. Bxh6 Bxh6
35. Qxh6+ Kg8 36. Qg6+ Qxg6 37. hxg6 d3 38. Rh7 Ne6 39. Nd7 Rf4 40. Nf6+ Kf8
41. Rf7# 1-0

[Event "XXXII Moglianoscacchi B"]
[Site "Mogliano Veneto ITA"]
[Date "2011.04.30"]
[Round "3"]
[White "De Marchi, Alessandro"]
[Black "Maddaloni, Giovanni"]
[Result "0-1"]
[WhiteElo "1693"]
[BlackElo "1827"]
[PlyCount "24"]
[EventDate "2011.04.29"]

1. d4 Nf6 2. Nc3 d6 3. e4 g6 4. Be2 Bg7 5. Be3 c6 6. f4 Qa5 7. Kf2 O-O 8. Nf3
Nbd7 9. e5 dxe5 10. Nxe5 Nd5 11. Nxd5 Qxd5 12. c4 Qa5 {...} 0-1

[Event "XXXII Moglianoscacchi B"]
[Site "Mogliano Veneto ITA"]
[Date "2011.04.30"]
[Round "3"]
[White "Fracasso Pezzolato, Michele"]
[Black "Ballarin, Gabriele"]
[Result "0-1"]
[WhiteElo "1810"]
[BlackElo "1825"]
[PlyCount "162"]
[EventDate "2011.04.29"]

1. e4 d6 2. d4 Nf6 3. Nc3 e5 4. dxe5 dxe5 5. Qxd8+ Kxd8 6. Bg5 Be6 7. O-O-O+
Kc8 8. f3 c6 9. Nge2 Nfd7 10. Be3 a5 11. f4 f6 12. a3 Bc5 13. Rd3 Bc4 14. Bxc5
Bxd3 15. Be3 Bc4 16. b3 Be6 17. Ng3 exf4 18. Bxf4 Ne5 19. Nf5 g6 20. Nd6+ Kc7
21. Nc4 Nbd7 22. Be2 b5 23. Ne3 Rhe8 24. Ng4 Bxg4 25. Bxg4 h5 26. Bxd7 Kxd7 27.
Re1 Ke6 28. Ne2 Rad8 29. Be3 Rd7 30. Bb6 a4 31. bxa4 bxa4 32. Nd4+ Kf7 33. h3
Rc8 34. Bc5 Nc4 35. g4 hxg4 36. hxg4 g5 37. Rh1 Rxd4 38. Bxd4 c5 39. Ba1 Nxa3
40. Rh7+ Kg6 41. Ra7 Rb8 42. Bb2 Nc4 43. Bc3 Rb6 44. Rxa4 Ne3 45. e5 f5 46.
gxf5+ Kxf5 47. Kd2 Nd5 48. Rc4 Rb5 49. e6 Nxc3 50. e7 Nb1+ 51. Ke3 Rb8 52.
Rxc5+ Kf6 53. c4 Re8 54. Rc7 Rxe7+ 55. Rxe7 Kxe7 56. c5 Nc3 57. Kf3 Nd5 58. Kg4
Kf6 59. c6 Nc7 60. Kg3 Ke7 61. Kg4 Ne6 62. c7 Kd7 63. Kg3 Nxc7 64. Kg4 Ne6 65.
Kf5 Kd6 66. Kg4 Ke5 67. Kg3 Kf5 68. Kf3 Nf4 69. Kg3 Nh5+ 70. Kf3 Nf6 71. Kg3
Kg6 72. Kf3 Kh5 73. Kg3 Ne4+ 74. Kh3 Nc3 75. Kg3 Ne2+ 76. Kf2 Kg4 77. Kg2 Nf4+
78. Kf2 Kh3 79. Kg1 g4 80. Kh1 g3 81. Kg1 g2 0-1

[Event "XXXII Moglianoscacchi B"]
[Site "Mogliano Veneto ITA"]
[Date "2011.04.30"]
[Round "3"]
[White "La Malfa, Stelio"]
[Black "Zamengo, Bruno"]
[Result "0-1"]
[WhiteElo "1826"]
[BlackElo "1890"]
[PlyCount "148"]
[EventDate "2011.04.29"]

1. e4 e6 2. d4 d5 3. Nd2 Nf6 4. e5 Nfd7 5. Ngf3 c5 6. c3 Nc6 7. Nb3 cxd4 8.
cxd4 f6 9. exf6 Nxf6 10. Bd3 Bd6 11. O-O O-O 12. Bg5 Qc7 13. Re1 e5 14. dxe5
Nxe5 15. Nxe5 Bxe5 16. h3 h6 17. Be3 Bxb2 18. Rb1 Ba3 19. Bc1 Bb4 20. Re2 Bd7
21. a3 Bd6 22. Bb2 Ba4 23. Bc2 Qc4 24. Bd4 a6 25. Na5 Bxc2 26. Rxc2 Qa4 27.
Nxb7 Be7 28. Bxf6 Bxf6 29. Qxd5+ Kh8 30. Rbc1 Qxa3 31. Qd7 Qe7 32. Qxe7 Bxe7
33. Rc7 Bf6 34. Rd1 a5 35. Rdd7 a4 36. Nc5 a3 37. Nb3 a2 38. g3 Ra3 39. Rc2
Rfa8 40. Rdd2 Rxb3 41. Rxa2 Rxa2 42. Rxa2 Rb2 43. Ra8+ Kh7 44. Ra4 Rd2 45. Rf4
Kg6 46. Kg2 Rd4 47. Rf3 Kg5 48. Rb3 Rd2 49. Rf3 Rd5 50. Rb3 Kf5 51. f4 Ke4 52.
Rb4+ Ke3 53. Rb3+ Rd3 54. Rxd3+ Kxd3 55. Kf3 Kd4 56. Kg4 Ke4 57. h4 Bd4 58. Kh5
Kf5 59. g4+ Kxf4 60. g5 hxg5 61. hxg5 Kf5 62. g6 Be3 63. Kh4 Kxg6 64. Kg4 Bd2
65. Kg3 Kg5 66. Kf3 Kh4 67. Ke2 Kg3 68. Kf1 Be3 69. Ke2 g5 70. Kxe3 g4 71. Ke2
Kh2 72. Kf2 g3+ 73. Kf3 g2 74. Ke4 g1=Q 0-1

[Event "XXXII Moglianoscacchi B"]
[Site "Mogliano Veneto ITA"]
[Date "2011.04.30"]
[Round "3"]
[White "Losi, Enrico"]
[Black "Barbetta, Cosimo"]
[Result "0-1"]
[WhiteElo "1634"]
[BlackElo "1686"]
[PlyCount "126"]
[EventDate "2011.04.29"]

1. e4 c5 2. Nf3 a6 3. d4 cxd4 4. Nxd4 e5 5. Nf3 Nf6 6. Bd3 Nc6 7. O-O h6 8. b3
d6 9. Bb2 Be7 10. Nc3 O-O 11. h3 Qd7 12. Qe2 Bd8 13. Rad1 Qc7 14. a3 Be6 15.
Rd2 Ne7 16. Qd1 Ng6 17. Ne2 Rc8 18. c4 Qc6 19. Bb1 Be7 20. Nc3 Nf4 21. Nd5 Bxd5
22. exd5 Qb6 23. Bf5 Rcd8 24. g3 Ng6 25. Kg2 Nh8 26. Bb1 Nd7 27. b4 Bf6 28. Qc2
g6 29. Nh2 Rfe8 30. Re2 Bg7 31. Bc1 Rc8 32. Ng4 h5 33. Ne3 Bh6 34. g4 h4 35. g5
Bxg5 36. Ng4 Be7 37. f4 Qd4 38. Be3 Qxc4 39. Nh6+ Kg7 40. Nf5+ Kf8 41. Nxe7
Kxe7 42. fxe5 Qxd5+ 43. Qe4 Qxe4+ 44. Bxe4 Nxe5 45. Bxb7 Rc3 46. a4 Rb3 47. b5
axb5 48. axb5 Rb8 49. Bg5+ Kf8 50. Bh6+ Kg8 51. Ba6 Rg3+ 52. Kh2 Nf3+ 53. Kh1
Rxh3+ 54. Kg2 Rg3+ 55. Kf2 f5 56. Re3 Nd2 57. Rd1 Nc4 58. Rxg3 hxg3+ 59. Kxg3
Nb6 60. Rxd6 Kf7 61. Kf4 Ke7 62. Rc6 Nf7 63. Bg7 Nd5+ 0-1

[Event "XXXII Moglianoscacchi B"]
[Site "Mogliano Veneto ITA"]
[Date "2011.04.29"]
[Round "3"]
[White "Marangoni, Simone"]
[Black "Borghi, Bruno"]
[Result "0-1"]
[WhiteElo "1835"]
[BlackElo "1628"]
[PlyCount "86"]
[EventDate "2011.04.29"]

1. c4 c5 2. Nf3 Nf6 3. Nc3 Nc6 4. d3 d6 5. g3 g6 6. Bg2 Bg7 7. O-O O-O 8. a3 a6
9. Rb1 Bf5 10. Bd2 Rb8 11. e4 Bg4 12. h3 Bxf3 13. Qxf3 Nd4 14. Qd1 e5 15. Bg5
h6 16. Be3 Ne6 17. Qd2 Kh7 18. b4 b6 19. Rb2 Qc7 20. Rfb1 Nd4 21. f3 g5 22. g4
Ne6 23. Qf2 Nf4 24. Qc2 h5 25. Nd5 N6xd5 26. exd5 Kh6 27. gxh5 Kxh5 28. Bxf4
exf4 29. Ra2 Bd4+ 30. Kh1 Rfe8 31. Bf1 Qd7 32. Qg2 Re3 33. Be2 Rbe8 34. Rf1 f6
35. Rd1 Qe7 36. Bf1 Qe5 37. Rdd2 Qf5 38. bxc5 bxc5 39. Rd1 Re1 40. Rxe1 Rxe1
41. Rd2 Ra1 42. Ra2 Rd1 43. Qe2 Qxh3+ 0-1

[Event "XXXII Moglianoscacchi B"]
[Site "Mogliano Veneto ITA"]
[Date "2011.04.30"]
[Round "3"]
[White "Megna, Giuseppe"]
[Black "Viviani, Bruno"]
[Result "0-1"]
[WhiteElo "1890"]
[BlackElo "1701"]
[PlyCount "74"]
[EventDate "2011.04.29"]

1. d4 Nf6 2. c4 g6 3. Nc3 d5 4. e3 Bg7 5. Qb3 dxc4 6. Bxc4 O-O 7. Bd2 Nbd7 8.
Nf3 Nb6 9. Be2 Be6 10. Qc2 Bc4 11. Rd1 Rc8 12. b3 Bxe2 13. Nxe2 c5 14. dxc5
Nbd7 15. Bb4 Re8 16. O-O Qc7 17. Rc1 Nd5 18. a3 a5 19. Bd2 Qxc5 20. Qd3 Qd6 21.
Bxa5 b6 22. Bd2 Nc5 23. Qb1 e5 24. Rfd1 e4 25. Ne1 Qe5 26. b4 Ne6 27. Qb3 h5
28. Rc4 b5 29. Rxc8 Rxc8 30. Nc2 h4 31. h3 Ng5 32. Nf4 Nc3 33. Rc1 Ne6 34. Nxe6
Ne2+ 35. Kf1 Nxc1 36. Bxc1 Qxe6 37. Qb1 Qc4+ 0-1

[Event "XXXII Moglianoscacchi B"]
[Site "Mogliano Veneto ITA"]
[Date "2011.04.30"]
[Round "3"]
[White "Mumelter, Igor"]
[Black "Pisani, Valerio"]
[Result "1-0"]
[WhiteElo "1879"]
[BlackElo "1714"]
[PlyCount "155"]
[EventDate "2011.04.29"]

1. e4 e6 2. d4 d5 3. Nd2 Nf6 4. e5 Nfd7 5. Bd3 c5 6. c3 Nc6 7. Ne2 Be7 8. O-O
Qb6 9. Nf3 Nf8 10. Re1 Bd7 11. b3 h6 12. Be3 g5 13. dxc5 Bxc5 14. Bxc5 Qxc5 15.
b4 Qb6 16. b5 Ne7 17. Ned4 Nfg6 18. g3 Qc7 19. h3 Qxc3 20. Qe2 Qa5 21. Rec1 O-O
22. Nb3 Qb6 23. a4 Rfc8 24. a5 Qd8 25. Qe3 Rxc1+ 26. Rxc1 b6 27. Ra1 Rc8 28.
Qd2 Qc7 29. Rc1 Nxe5 30. Rxc7 Nxf3+ 31. Kg2 Nxd2 32. Rxd7 Nxb3 33. Rxe7 Ra8 34.
a6 Kf8 35. Rc7 Nc5 36. Be2 Ne4 37. Bh5 Nd6 38. Rd7 Nxb5 39. Rxf7+ Kg8 40. Re7
Rd8 41. Be2 Nd4 42. Bd3 Ra8 43. Kf1 Kf8 44. Rh7 Kg8 45. Rc7 e5 46. Bg6 Nb5 47.
Rd7 d4 48. Bd3 Nc3 49. Re7 Kf8 50. Rh7 Kg8 51. Re7 e4 52. Bxe4 Nxe4 53. Rxe4
Rd8 54. Re7 Ra8 55. Ke2 Kf8 56. Rh7 Re8+ 57. Kd3 Re7 58. Rxh6 Rd7 59. Rh8+ Kg7
60. Rb8 Kf7 61. h4 gxh4 62. gxh4 Ke6 63. Rb7 b5 64. h5 Rd5 65. h6 Rh5 66. h7 b4
67. Rxb4 Rxh7 68. Rb7 Rh3+ 69. Kxd4 Rh4+ 70. Ke3 Ra4 71. Rxa7 Kd6 72. Rh7 Ra3+
73. Kf4 Ra4+ 74. Kg3 Ra3+ 75. Kg4 Ra4+ 76. f4 Kc6 77. a7 Kb6 78. Kg5 1-0

[Event "XXXII Moglianoscacchi B"]
[Site "Mogliano Veneto ITA"]
[Date "2011.04.30"]
[Round "3"]
[White "Pasqualetto, Lorenzo"]
[Black "Aprile, Martino"]
[Result "1-0"]
[WhiteElo "1675"]
[BlackElo "1891"]
[PlyCount "78"]
[EventDate "2011.04.29"]

1. e4 c5 2. Nf3 Nc6 3. d4 cxd4 4. Nxd4 Nf6 5. Nc3 e5 6. Ndb5 d6 7. Bg5 a6 8.
Na3 b5 9. Bxf6 gxf6 10. Nd5 Be6 11. c3 Bg7 12. Nc2 f5 13. exf5 Bxf5 14. Nce3
Bg6 15. a4 bxa4 16. Rxa4 a5 17. Bb5 Rc8 18. Rc4 O-O 19. Rxc6 Rxc6 20. Bxc6 f5
21. O-O f4 22. Nc4 Kh8 23. Ndb6 f3 24. Bxf3 e4 25. Bh5 e3 26. Bxg6 hxg6 27.
fxe3 Rxf1+ 28. Kxf1 Qf6+ 29. Qf3 Qd8 30. Qh3+ Kg8 31. Qe6+ Kh7 32. Qxd6 Qh4 33.
Qe6 Qd8 34. Nd5 a4 35. e4 g5 36. Qf5+ Kh8 37. Ne5 Bxe5 38. Qxe5+ Kh7 39. Qe7+
Qxe7 1-0

[Event "XXXII Moglianoscacchi B"]
[Site "Mogliano Veneto ITA"]
[Date "2011.04.30"]
[Round "3"]
[White "Penzo, Amleto"]
[Black "Dussin, Davide"]
[Result "1-0"]
[WhiteElo "1783"]
[BlackElo "1872"]
[PlyCount "61"]
[EventDate "2011.04.29"]

1. d4 Nf6 2. Nf3 g6 3. Nbd2 Bg7 4. e4 d6 5. c3 O-O 6. Bc4 Nc6 7. O-O d5 8. exd5
Nxd5 9. Ne4 Bg4 10. h3 Bxf3 11. Qxf3 Nb6 12. Bb3 Na5 13. Bc2 e5 14. dxe5 Bxe5
15. Rd1 Qe7 16. Bg5 f6 17. Bh6 Rfd8 18. Re1 Rd7 19. Bf4 Bxf4 20. Qxf4 Kg7 21.
Ng5 Qd6 22. Ne6+ Kf7 23. Qh6 Kg8 24. Bxg6 hxg6 25. Qxg6+ Kh8 26. Qxf6+ Kg8 27.
Re5 Qxe5 28. Qxe5 Nac4 29. Qg3+ Kh8 30. Re1 Re8 31. Qh4+ 1-0

[Event "XXXII Moglianoscacchi B"]
[Site "Mogliano Veneto ITA"]
[Date "2011.04.30"]
[Round "3"]
[White "Pietrobon, Mirco"]
[Black "Zangrando, Gianpietro"]
[Result "0-1"]
[WhiteElo "1603"]
[BlackElo "1827"]
[PlyCount "52"]
[EventDate "2011.04.29"]

1. d4 f5 2. e4 fxe4 3. Nc3 Nf6 4. f3 e3 5. Bxe3 e6 6. Bd3 Nc6 7. Qe2 Bb4 8. Nh3
O-O 9. O-O d6 10. Ne4 e5 11. Nxf6+ Qxf6 12. c3 Bxh3 13. Bc4+ Kh8 14. dxe5 Nxe5
15. f4 Nxc4 16. Qxc4 Qg6 17. Qd5 Bc5 18. Bxc5 dxc5 19. Rf2 c6 20. Qxc5 Rxf4 21.
Raf1 h6 22. Kh1 Rxf2 23. Qxf2 Be6 24. a3 Bd5 25. Re1 Kh7 26. h4 Rf8 0-1

[Event "XXXII Moglianoscacchi B"]
[Site "Mogliano Veneto ITA"]
[Date "2011.04.30"]
[Round "3"]
[White "Rossi, Gianni"]
[Black "Bellon, Antonio"]
[Result "1-0"]
[WhiteElo "1827"]
[BlackElo "1744"]
[PlyCount "74"]
[EventDate "2011.04.29"]

1. d4 d5 2. e4 c6 3. Nc3 dxe4 4. Bc4 e6 5. f3 exf3 6. Nxf3 Nf6 7. Bg5 Be7 8.
O-O Nd5 9. Ne4 Bxg5 10. Nfxg5 f6 11. Qf3 Qc7 12. Bxd5 cxd5 13. Nxf6+ gxf6 14.
Qxf6 Rg8 15. Nxe6 Qe7 16. Nc7+ Kd8 17. Nxa8 Bh3 18. Qxe7+ Kxe7 19. Rf2 Kd6 20.
Raf1 Nd7 21. Kh1 Be6 22. Nc7 Kxc7 23. Re1 Kd6 24. Rfe2 Rg6 25. c3 Bf5 26. Rf2
Be4 27. c4 h5 28. b3 h4 29. Kg1 h3 30. g3 Nf6 31. Ref1 Ke6 32. Rf4 Bd3 33. Re1+
Ne4 34. Re3 Rh6 35. Rxd3 b6 36. Re3 Kd6 37. cxd5 Kxd5 1-0